000 00846nam a22002295i 4500
001 156599
003 ES-MaACL
005 20250815110840.0
008 040802s1887 fr |||| | fre d
040 _aCAM
_bspa
_cCAM
100 1 _aKilian, W.
_968029
245 1 0 _aSystème crétacé (crétacique) /
_cpar W. Kilian.
260 _aParis :
_bComptoir Géologique,
_c[s.a.]
300 _aP. 299-356 ;
_c20 cm.
594 _aDatos de tít. y autor tomados de comienzo del texto.
595 _aExtrait de l'Annuaire géologique universel, T. III, 1887.
596 _aPie de imp. consta en colofón.
650 0 7 _aGeología
_2embne
_913086
650 0 4 _aCretácico.
_9135831
852 _aES-MaACL
_jT-912-F-7
_z-- Enc. hol., conservando la cub. original
_z-- Legado de Federico de Botella y de Hornos
999 _c156599
_d156599